|
000
|
00810nam0 2200253 450
|
|
001
|
nydwp9100031
|
|
005
|
20090214084655.0
|
|
010
|
|
@a7-81099-283-X@dCNY16.50
|
|
100
|
|
@a20090214d2008 km y0chiy0120 ea
|
|
101
|
0
|
@achi
|
|
102
|
|
@aCN@b430000
|
|
105
|
|
@aak z 000yy
|
|
106
|
|
@ar
|
|
200
|
1
|
@a电工基础@Adian gong ji chu@f边长禄主编
|
|
205
|
|
@a第一版
|
|
210
|
|
@a长沙@c国防科技大学出版社@d2008.2
|
|
215
|
|
@a190页@c图@d26cm
|
|
300
|
|
@a中等职业教育规划教材
|
|
330
|
|
@a本书内容包括:直流电、简单直流电路、基尔霍夫定律、磁场与电磁感应、正弦交流电路、电阻器、电容器、电感器和变压器、三项交流电路等。
|
|
606
|
0
|
@a电工学@Adian gong xue@x专业学校@j教材
|
|
690
|
|
@aTM1@v4
|
|
701
|
0
|
@a边长禄@Abian chang lu@4主编
|
|
801
|
0
|
@aCN@bCDNYKJZYXY@c20090214
|
|
905
|
|
@aCDNYKJZYXY@dTM1@e53@f5
|
|
|
|
|
| |
| 电工基础/边长禄主编.-第一版.-长沙:国防科技大学出版社,2008.2 |
| 190页:图;26cm |
| 中等职业教育规划教材 |
| |
| ISBN 7-81099-283-X:CNY16.50 |
| 本书内容包括:直流电、简单直流电路、基尔霍夫定律、磁场与电磁感应、正弦交流电路、电阻器、电容器、电感器和变压器、三项交流电路等。 |
| ● |
正题名:电工基础
索取号:TM1/53
 
预约/预借
| 序号
|
登录号
|
条形码
|
馆藏地/架位号
|
状态
|
备注
|
|
1
|
237919
|
300237919
|
海科密-1楼/44架1列7层/
[索取号:TM1/53]
|
在馆
|
|
|
2
|
237920
|
300237920
|
海科密-1楼/44架1列7层/
[索取号:TM1/53]
|
在馆
|
|
|
3
|
237921
|
300237921
|
海科密-1楼/44架1列7层/
[索取号:TM1/53]
|
在馆
|
|
|
4
|
237922
|
300237922
|
海科密-1楼/44架1列7层/
[索取号:TM1/53]
|
在馆
|
|
|
5
|
237923
|
300237923
|
海科密-1楼/44架1列7层/
[索取号:TM1/53]
|
在馆
|
|